Statistics for Five Closest Countries by Country #1

Click here to take the quiz!

General Stats

  • This quiz has been taken 195,952 times
  • The average score is 31 of 40

Answer Stats

Starting Country#Country% Correct
United States0Canada
100%
United States0Mexico
100%
Australia993New Zealand
95%
Oman0Saudi Arabia
92%
Monaco0France
91%
Oman0Yemen
91%
United States93Cuba
90%
Monaco6Italy
90%
Bhutan0India
87%
Lesotho0South Africa
87%
Cyprus43Turkey
86%
Oman0United Arab Emirates
86%
Bhutan0China
84%
Monaco232Spain
84%
Panama0Colombia
82%
Panama0Costa Rica
82%
Australia198Indonesia
82%
Bhutan42Nepal
82%
Australia53Papua New Guinea
79%
United States53Bahamas
76%
Cyprus142Israel
76%
Panama104Nicaragua
76%
United States2Russia
76%
Monaco152Switzerland
76%
Bhutan28Bangladesh
74%
Lesotho175Eswatini
73%
Oman32Iran
73%
Panama276Venezuela
73%
Panama363Honduras
72%
Cyprus66Syria
71%
Lesotho267Botswana
69%
Cyprus100Lebanon
69%
Cyprus182Jordan
68%
Lesotho228Mozambique
67%
Lesotho439Namibia
67%
Bhutan188Myanmar
66%
Oman212Pakistan
63%
Australia284East Timor
55%
Monaco248San Marino
52%
Australia951Solomon Islands
51%

Score Distribution

Percentile by Number Answered

Percent of People with Each Score

Your Score History

You have not taken this quiz